LEADER 01335nas a2200241 i 4500 001 000000017926 003 CaOOAMICUS 005 20180830125443.0 008 180830s1946 it u0 ita u 040 $aSeMil$bita 245 10$aCodificazione canonica orientale /$cSacra congregazione per la chiesa orientale. Fonti, ser. 2. 260 $aHarissa, Libano :$bImpr. de Saint Paul,$c1946. 300 $av. ;$c29 cm. 650 4$aChiese orientali - Diritto canonico.$0(OLS)http://semarc/subject/44822 650 4$aDiritto canonico - Fonti.$0(OLS)http://semarc/subject/389 774 0 $tPatriarchatus Constantinopolitani acta selecta.$d[Cittą del Vaticano] : Typis Polyglottis Vaticanis, 1941.$w()23648 774 0 $tCollectio canonum ecclesiae armenae.$dS. Lazzaro : Tipografia dei padri Melchitaristi, 1941.$w()23649 774 0 $tDisciplina armena.$dVenezia : San Lazzaro, 1940.$w()23651 774 0 $tCaldei.$dRomae : Typis Polyglottis Vaticanis, 1940.$w()23652 774 0 $tCaldei.$dRomae : Typis Polyglottis Vaticanis, 1942.$w()23654 774 0 $tDisciplina antiochena antica.$dCittą del Vaticano : Tipografia Poliglotta Vaticana, 1951.$w()23656 996 $6245$aCodificazione canonica orientale$9(OLS)http://semarc/title/23670 996 $6260$aHarissa, Libano :$bImpr. de Saint Paul$9(OLS)http://semarc/publisher/56069 LEADER 01242nam a2200289 i 4500 001 000000077123 003 CaOOAMICUS 005 20010821000000.0 008 010821s1997 it u000 u ita u 013 $a48295 020 $a88-16-60214-7 040 $aSeMil$bita 100 1 $aKinder, Terryl Nancy.$0(OLS)http://semarc/name/37952 240 14$aThe Cistercian Europe.$0(OLS)http://semarc/title/125185 245 12$aI cisterciensi :$bvita quotidiana, cultura, arte /$cTerryl N. Kinder ; edizione italiana a cura di Claudio Stercal. 260 $aMilano :$bJaca Book,$c1997. 300 $a392 p. :$briccamente ill. ;$c31 cm. 490 0 $aLe grandi stagioni 650 4$aCistercensi.$0(OLS)http://semarc/subject/8582 700 1 $aStercal, Claudio,$d<1954- >.$0(OLS)http://semarc/name/327 830 3$aLe grandi stagioni.$0(OLS)http://semarc/title/8638 850 $aSeMil 852 $aSeMil$W1$xVenegono$y1$m3A VI 96$j43275$B43275$CSeMilBibl$Z2$F43517 $81 961 $aOmaggio: Jaca Book 996 $6020$a88-16-60214-7$9(OLS)http://semarc/number/58576 996 $6245$aI cisterciensi :$bvita quotidiana, cultura, arte$9(OLS)http://semarc/title/150542 996 $6260$aMilano :$bJaca Book$9(OLS)http://semarc/publisher/29781